Movies that Start with Q - Statistics

General Stats
  • This quiz has been taken 281 times
  • The average score is 3 of 12
Answer Stats
Hint Answer % Correct
The Aztec god Quetzalcoatl, a winged, dragon-like, female lizard, decides to take up residence in the art-deco spire of the Chrysler Building. Q – The Winged Serpent
100%
The aftermath of the death of Diana, Princess of Wales. The... Queen
53%
An idealistic young lawyer in the late 1950s discovers that "Twenty-One" answers are being fixed. Quiz Show
29%
A London Mod, disillusioned by his parents and job finds an outlet for his teenage angst with his Mod friends Dave, Chalky and Spider. Quadrophenia
23%
80,000 years ago, humans struggle for control of fire. Quest for Fire
21%
The last years of Marquis de Sade's incarceration in the insane asylum at Charenton. Quills
14%
A Roman military commander falls in love with a devout Christian and slowly becomes intrigued by her religion. Quo Vadis
13%
The Lady joins a deadly dueling competition in an attempt to exact revenge for her father's death. The... Quick and the Dead
12%
A young successful floor trader loses all of his company's and family's savings on a risky business decision. Quicksilver
6%
A poor Irish manure collector falls in love with an American exchange student after she almost runs him over. Quackser Fortune Has a Cousin in the Bronx
2%
During a future ice age, dying humanity occupies its remaining time by playing a board game. Quintet
2%
An unnamed silent little girl deals with her parents crumbling marriage. The... Quiet Room
1%
No matching quizzes found
Score Distribution
Percent of People with Each Score
Percentile by Number Answered
Your Score History
You have not taken this quiz